LDR 00882naa#a2200193#i#450# 001 RU\INFRA-M\bibl\105522 005 20260418072541.6 011 ## _a2587-6295 100 ## _a20250925b2025####ek#y0rusy0150####ca 102 ## _aRU 200 1# _aВлияние политической повестки СВО 
на электоральные предпочтения в России _eЖурнальная статья 210 1# _aМосква _cОбщество с ограниченной ответственностью «Научно-издательский центр ИНФРА-М» _d2025 215 ## _a13 с. 608 ## _aЖурнальная статья _2local 675 ## _aФормы политической деятельности. 321.02 _z 700 #1 _aМатюхин _gА. В. 700 #1 _aДавыдова _gЮ. А. 700 #1 _aДенисенкова _gН. Н. 856 4# _anaukaru.ru _u